La crisis de una vida cotidiana y las victorias en la lucha por superarla / (Record no. 78764)

MARC details
000 -LEADER
campo de control de longitud fija 00761nam a2200217 i 4500
001 - NÚMERO DE CONTROL
campo de control 78764
003 - IDENTIFICADOR DE NÚMERO DE CONTROL
campo de control ES-MaACL
005 - FECHA Y HORA DE LA ÚLTIMA TRANSACCIÓN
campo de control 20250831013820.0
007 - CAMPO FIJO DE DESCRIPCIÓN FÍSICA--INFORMACIÓN GENERAL
campo de control de longitud fija t|
008 - DATOS DE LONGITUD FIJA--INFORMACIÓN GENERAL
campo de control de longitud fija 041015s1979 xr ||||1| spa d
100 1# - ENTRADA PRINCIPAL--NOMBRE DE PERSONA
Nombre de persona Hall, Gus.
9 (RLIN) 61564
245 13 - MENCIÓN DEL TÍTULO
Título La crisis de una vida cotidiana y las victorias en la lucha por superarla /
Mención de responsabilidad, etc. Gus Hall.
260 ## - PUBLICACIÓN, DISTRIBUCIÓN, ETC.
Lugar de publicación, distribución, etc. Praga :
Nombre del editor, distribuidor, etc. Agencia de Prensa Orbis,
Fecha de publicación, distribución, etc. 1979.
300 ## - DESCRIPCIÓN FÍSICA
Extensión 100 p. ;
Dimensiones 19 cm.
651 #4 - PUNTO DE ACCESO ADICIONAL DE MATERIA--NOMBRE GEOGRÁFICO
Nombre geográfico Estados Unidos-
Subdivisión general Situación económica
9 (RLIN) 8572
651 #4 - PUNTO DE ACCESO ADICIONAL DE MATERIA--NOMBRE GEOGRÁFICO
Nombre geográfico Estados Unidos-
Subdivisión general Situación social-
Subdivisión cronológica 1945-1989.
9 (RLIN) 156726
651 #4 - PUNTO DE ACCESO ADICIONAL DE MATERIA--NOMBRE GEOGRÁFICO
Nombre geográfico Estados Unidos-
Subdivisión general Política y gobierno-
Subdivisión cronológica 1969-1974.
9 (RLIN) 162155
710 2# - ENTRADA AGREGADA--NOMBRE DE ENTIDAD CORPORATIVA
Nombre de entidad corporativa o nombre de jurisdicción como elemento de entrada Agencia de Prensa Orbis (Praga)
9 (RLIN) 172783
852 ## - LOCALIZACIÓN
Ubicación ES-MaACL
Número de control de estantería A-10872
Holdings
Estatus retirado Estado de pérdida Estado de daño No para préstamo Biblioteca de origen Biblioteca actual Ubicación en estantería Fecha de adquisición Fuente de adquisición Total de préstamos Signatura topográfica completa Código de barras Visto por última vez Precio de reemplazo Tipo de ítem Koha
        Biblioteca del Ateneo de Madrid Biblioteca del Ateneo de Madrid Depósito 1 17/01/2008     A-10872 1082377 23/02/2023 23/02/2023 Libro impreso